| 000 | 00725nam a2200193Ia 4500 | ||
|---|---|---|---|
| 008 | 090124s9999 xx 000 0 und d | ||
| 082 |
_b30159 _a7290 |
||
| 100 | _aबेस्ट जेम्स डब्ल्यू | ||
| 245 | _a टायगर डेज (शिकारीचे दिवस) | ||
| 250 | _a1 | ||
| 260 | _c1999 | ||
| 300 | _a163 | ||
| 600 | _aबेस्ट जेम्स डब्ल्यू | ||
| 630 | _a टायगर डेज (शिकारीचे दिवस) | ||
| 700 | _aदुर्वे लालू | ||
| 700 | _aबेस्ट जेम्स डब्ल्यू | ||
| 730 | _a टायगर डेज (शिकारीचे दिवस) | ||
| 942 | _cBOOK | ||
| 999 |
_c143641 _d143641 |
||